000 00781nam a2200253Ia 4500
003 OSt
005 20220926025845.0
006 a|||||r|||| 00| 0
007 ta
008 220923b |||||||| |||| 00| 0 eng d
020 _a9264111255
037 _cGeneral Book
040 _aRTL
_cRTL
_beng
041 _2eng
_aeng
082 _aX7243.1N6.N7, L3
110 _aOrganisation For Economic Cooperation And Development (Paris)
_942419
245 0 _aCompany tax systems in O E C D member countries
260 _aParis
_bO E C D
_c1973
300 _a140p Bib p 3
_ccm.
650 _aBusiness Tax
700 _aOrganisation For Economic Cooperation And Development (Paris)
_942420
942 _hX7243.1N6.N7, L3
_cGB
_2CC
999 _c648126
_d648126